La edad del oro en Chile

Saved in:
Bibliografiske detaljer
Hovedforfatter: Vicuña Mackenna, Benjamín, 1831-1886 (Author)
Format: Bog
Sprog:spansk
Udgivet: Buenos Aires, Argentina Francisco de Aguirre 1968
Udgivelse:Segunda edición
Serier:Biblioteca Francisco de Aguirre, 13
Colección Vicuña Mackenna
Fag:
Tags: Tilføj Tag
Ingen Tags, Vær først til at tagge denne postø!

MARC

LEADER 00000nam a2200000 a 4500
001 UCU2061
003 CL-VaPUC
005 20241021124843.0
008 960419e19680000AG |||||||||||||||||spa|d
999 |c 246459  |d 246457 
040 |c Pontificia Universidad Católica de Valparaíso 
082 0 4 |a 983.03 VIC 1968  |2 21 
100 |a Vicuña Mackenna, Benjamín,  |d 1831-1886  |x Político e historiador   |z Chile   |e author  |9 374 
245 1 3 |a La edad del oro en Chile 
250 |a Segunda edición 
260 |a Buenos Aires, Argentina  |b Francisco de Aguirre  |c 1968 
300 |a 419 páginas 
490 0 |a Biblioteca Francisco de Aguirre,  |v  13 
490 0 |a Colección Vicuña Mackenna 
583 |a last modification  |c 20131003 02:41:35  |k Rodrigo Vera 
600 0 7 |a VALDIVIA, PEDRO DE  |2 CL-VaPUC  |9 317024 
600 0 7 |a GARCIA HUIDOBRO, FRANCISCO  |2 CL-VaPUC  |9 357916 
650 0 |a Historia de Chile  |x ORO  |9 265473 
650 0 |a Historia de la minería  |x ORO  |z CHILE  |9 326009 
852 |a BIBCUR 
942 |c BK  |2 ddc 
945 |d 19960419 00:00:00  |a paguirre 
952 |0 0  |1 0  |2 ddc  |4 0  |6 983_030000000000000_VIC_1968  |7 0  |8 A  |9 261454  |a BIBHIS  |b BIBHIS  |d 2019-11-19  |i 1255851  |l 1  |o 983.03 VIC 1968  |p 1255851  |r 2025-01-20  |s 2023-08-10  |t 2  |w 2019-11-19  |y BK  |k HIS 
952 |0 0  |1 0  |2 ddc  |4 0  |6 983_030000000000000_VIC_1968  |7 0  |8 DER_HDC  |9 261455  |a BIBDER  |b BIBDER  |d 2019-11-19  |i 382229K  |o 983.03 VIC 1968  |p 382229K  |r 2023-01-25  |t 1  |w 2019-11-19  |x Ubicación 4to Piso  |y BK  |z Estos recursos deben solicitarse con anticipación  |k DER